Statistics for Japanese Or Chinese Food?

Click here to take the quiz!

General Stats

  • This quiz has been taken 222 times
  • The average score is 7 of 9

Answer Stats

Answer% Correct
Japan
99%
China
93%
Japan
93%
Japan
88%
China
84%
China
77%
Japan
63%
China
57%
China
46%

Score Distribution

Percentile by Number Answered

Percent of People with Each Score

Your Score History

You have not taken this quiz